000 01241nam0a22002771 4500
001 rc\2606472
005 20230427135037.0
035 _a(NLR Aleph) 006770465
090 _a5939116
_c5939116
100 _a20110914d1930 |||y0rusy50 ca
101 0 _arus
102 _aRU
105 _aa z |||||
200 1 _aДонник и его сельскохозяйственное значение
_fН. А. Мелешко
_gПод ред. и с предисл. А. Т. Кирсанова и В. А. Кузнецова
210 _aМосква
_aЛенинград
_cГос. изд-во
_d1930
_eЛенинград
_gтип. Печатный двор
215 _a100, [3] с.
_cил., черт.
_d20х13 см.
320 _aБиблиография: "Использованная литература" (86 названий)
700 1 _aМелешко
_bН. А.
_gНиколай Алексеевич
702 1 _aКузнецов
_bВ. А.
_cканд. биол. наук
_f1877-1940
_gВладимир Александрович
_3RU\NLR\AUTH\7776462
_4340
_4080
702 1 _aКирсанов
_bА. Т.
_4340
_4080
801 0 _aRU
_bNLR
_gpsbo
801 1 _aRU
_bELAR
_2rusmarc
852 _aNLR
_j88/117
942 _cBOOK
980 _aNB